000 00491pab a2200169 454500
008 180718b1996 xxu||||| |||| 00| 0 eng d
100 _aEvans, Alan W.
245 _aThe impact of land use planning and tax subsidies on the supply and price of housing in Britain-a comment.
260 _c1996
300 _ap.581-85
362 _aApr
650 _aLand use, Urban - Great Britain
650 _aHousing - Great Britain
650 _aHousing
773 _aUrban Studies
909 _a30874
999 _c30874
_d30874